Mechanics of Materials /

Salvato in:
Dettagli Bibliografici
Autori principali: Beer, Ferdinand P (Autore), Johnston, Russell E.,Jr (Autore)
Natura: Libro
Lingua:inglese
Pubblicazione: London : McGraw-Hill, 1992
Edizione:2.Ed.
Soggetti:
Tags: Aggiungi Tag
Nessun Tag, puoi essere il primo ad aggiungerne!!

MARC

LEADER 00000nam a22000003a 4500
001 stu43740
005 20150617225717.4
008 941209s1992----uk------------------eng-d
020 |a 0-07-112939-1 
040 |a STU  |b slo 
041 0 |a eng 
044 |a uk 
080 |a 620.1 
100 1 |a Beer, Ferdinand P  |4 aut 
245 1 |a Mechanics of Materials /  |c [aut.]Ferdinand P. Beer, Russel E. Johnston 
250 |a 2.Ed. 
260 |a London :  |b McGraw-Hill,  |c 1992 
300 |a 736 s 
650 7 |a materiály  |2 stusub 
650 7 |a skúšanie  |2 stusub 
700 1 |a Johnston, Russell E.,Jr  |4 aut 
996 |b 284M025629  |c M*8855-1  |l MMKN  |s A  |a 24  |w stu43740_0001